00305nam a2200109Ia 4500008004100000082001900041100001900060245004800079260004500127300000800172650001500180191201s1996 xx 000 0 und d a677.02864bJAP aJAMES, Ronaldw 0aPrinting and Dyeing of Fabrics and Plastics aN.DelhibMahajan Book Distributorsc1996 a274 aB.Tech(TE)